[Event "US Open-113"]
[Site "Vancouver"]
[Date "2012.08.05"]
[Round "2"]
[White "Gay, Patrick"]
[Black "Barrett, Alexander"]
[Result "1/2-1/2"]
[WhiteElo "1795"]
[BlackElo "1390"]
[PlyCount "121"]
[EventDate "2012.08.04"]
[EventType "swiss"]
[EventRounds "9"]
[EventCountry "USA"]
[SourceTitle "CBM 149 Extra"]
[Source "ChessBase"]
[SourceDate "2012.08.24"]
[SourceVersion "1"]
[SourceVersionDate "2012.08.24"]
[SourceQuality "1"]

1. e4 e5 2. Nf3 Nc6 3. Bb5 Nf6 4. 0-0 Nxe4 5. d4 Nd6 6. Bxc6 dxc6 7. dxe5 Nf5 8. Qxd8+ Kxd8 9. Nc3 h6 10. Rd1+ Ke8 11. b3 Bd7 12. Bb2 Rd8 13. Ne4 c5 14. g4 Bc6 15. gxf5 Rxd1+ 16. Rxd1 Bxe4 17. Nh4 Bxc2 18. Rd2 Be4 19. e6 fxe6 20. fxe6 Be7 21. Ng2 Bd6 22. Re2 Bf3 23. Re3 Bc6 24. Nh4 Rf8 25. Ng6 Bxh2+ 26. Kf1 Rf5 27. Ne5 Bf4 28. Re1 Rg5 29. Nxc6 bxc6 30. Re4 Bd6 31. Ke2 Ke7 32. Ra4 Kxe6 33. Rxa7 Rg4 34. Ra8 Kd5 35. Kf3 Rg1 36. Rg8 Be5 37. Rd8+ Bd6 38. a4 Rb1 39. Bxg7 Rxb3+ 40. Kg2 h5 41. a5 Rb7 42. Ra8 Kc4 43. a6 Rb6 44. a7 Ra6 45. Kh3 Kd3 46. Kh4 c4 47. Bh6 c3 48. Be3 Kc4 49. Rg8 Rxa7 50. Bxa7 c5 51. Kxh5 c2 52. Rg1 Bf4 53. Bb8 Kd3 54. Kg4 Bd6 55. f4 Kd2 56. f5 c1Q 57. Rxc1 Kxc1 58. f6 c4 59. f7 c3 60. Bxc7 Ba3 61. Bf4+ 1/2-1/2